000 00354nam a2200157Ia 4500
005 20250425161651.0
008 250425s9999 xx 000 0 und d
041 _aeng
082 _aIBM4381
245 0 _aTHE PHYSICAL THEORY OF TRANSISTORS
250 _aS.E.
260 _aS.L.
260 _aSin Pais
_bMCGH
_c1961
942 _c01
010 _a25424
999 _c213676
_d213676